Chancellors of Germany Quiz - Statistics

General Stats
  • This quiz has been taken 175 times
    121 since last reset
  • The average score is 18 of 38
Answer Stats
Hint Country Political Party Answer % Correct
(1933) Weimar Republic NSDAP | National Socialist German Workers' Party Adolf Hitler
90%
(1933-1945) Nazi Germany NSDAP | National Socialist German Workers' Party Adolf Hitler
90%
(1867-1871) North German Confederation N/A Otto von Bismarck
86%
(1871-1890) German Empire N/A Otto von Bismarck
86%
(2005-2021) Federal Republic of Germany CDU | Christian Democratic Union Angela Merkel
81%
(1969-1974) Federal Republic of Germany SPD | Social Democratic Party Willy Brandt
73%
(1982-1998) Federal Republic of Germany CDU | Christian Democratic Union Helmut Kohl
71%
(2025-Present Federal Republic of Germany CDU | Christian Democratic Union Friedrich Merz
70%
(2021-2025) Federal Republic of Germany SPD | Social Democratic Party Olaf Scholz
70%
(1949-1963) Federal Republic of Germany CDU | Christian Democratic Union Konrad Adenauer
68%
(1998-2005) Federal Republic of Germany SPD | Social Democratic Party Gerhard Schroder
60%
(1974-1982) Federal Republic of Germany SPD | Social Democratic Party Helmut Schmidt
60%
(1966-1969) Federal Republic of Germany CDU | Christian Democratic Union Kurt Georg Kiesinger
56%
(1945) Nazi Germany NSDAP | National Socialist German Workers' Party Joseph Goebbels
54%
(1932) Weimar Republic N/A Franz Von Papen
48%
(1890-1894) German Empire N/A Leo von Caprivi
46%
(1963-1966) Federal Republic of Germany N/A Ludwig Erhard
46%
(1930-1932) Weimar Republic Centre Party Heinrich Brüning
43%
(1918-1919) Weimar Republic SPD | Social Democratic Party Friedrich Ebert
41%
(1918) German Empire N/A Max von Baden
41%
(1923) Weimar Republic DDP | German People's Party Gustav Stresemann
40%
(1932-1933) Weimar Republic N/A Kurt von Schleicher
40%
(1909-1917) German Empire N/A Theobald von Bethmann Hollweg
40%
(1923-1925) Weimar Republic Centre Party Wilhelm Marx
40%
(1926-1928) Weimar Republic Centre Party Wilhelm Marx
40%
(1920) Weimar Republic SPD | Social Democratic Party Hermann Müller
33%
(1928-1930) Weimar Republic SPD | Social Democratic Party Hermann Müller
33%
(1919) Weimar Republic SPD | Social Democratic Party Philipp Scheidemann
32%
(1900-1909) German Empire N/A Bernhard von Bülow
30%
(1919-1920) Weimar Republic SPD | Social Democratic Party Gustav Bauer
30%
(1922-1923 Weimar Republic N/A Wilhelm Cuno
30%
(1921-1922) Weimar Republic Centre Party Joseph Wirth
27%
(1925-1926) Weimar Republic N/A Hans Luther
25%
(1894-1900) German Empire N/A Prince of Hohenlohe
25%
(1920-1921) Weimar Republic Centre Party Constantin Fehrenbach
24%
(1917) German Empire N/A Georg Michaelis
24%
(1945) Nazi Germany NSDAP | National Socialist German Workers' Party Schwerin von Krosigk
24%
(1917-1918) German Empire Centre Party Georg von Hertling
22%
No matching quizzes found
Score Distribution
Percent of People with Each Score
Percentile by Number Answered
Your Score History
You have not taken this quiz since the last reset